Design revolution : (Record no. 352983)

000 -LEADER
fixed length control field 01030 a2200265 4500
003 - CONTROL NUMBER IDENTIFIER
control field OSt
005 - DATE AND TIME OF LATEST TRANSACTION
control field 20180116192352.0
008 - FIXED-LENGTH DATA ELEMENTS--GENERAL INFORMATION
fixed length control field 120601t xxu||||| |||| 00| 0 eng d
010 ## - LIBRARY OF CONGRESS CONTROL NUMBER
LC control number 2009011291
020 ## - INTERNATIONAL STANDARD BOOK NUMBER
International Standard Book Number 9781933045955
040 ## - CATALOGING SOURCE
Transcribing agency 0
082 00 - DEWEY DECIMAL CLASSIFICATION NUMBER
Classification number 745.2
100 1# - MAIN ENTRY--PERSONAL NAME
Personal name Pilloton, Emily.
9 (RLIN) 3245
245 10 - TITLE STATEMENT
Title Design revolution :
Remainder of title 100 products that empower people /
Statement of responsibility, etc. Emily Pilloton ; foreword by Allan Chochinov.
246 30 - VARYING FORM OF TITLE
Title proper/short title 100 products that empower people
250 ## - EDITION STATEMENT
Edition statement 1st ed.
260 ## - PUBLICATION, DISTRIBUTION, ETC.
Place of publication, distribution, etc. New York, NY :
Name of publisher, distributor, etc. Metropolis Books,
Date of publication, distribution, etc. 2009.
300 ## - PHYSICAL DESCRIPTION
Extent 300 p. :
Other physical details ill. ;
505 0# - FORMATTED CONTENTS NOTE
Formatted contents note Foreword / Allan Chochinov -- Design can change the world / Emily Pilloton -- Water -- Well-being -- Education -- Mobility -- Energy -- Food -- Play -- Enterprise -- Acknowledgments -- Illustration credits.
650 10 - SUBJECT ADDED ENTRY--TOPICAL TERM
Topical term or geographic name entry element Industrial design.
9 (RLIN) 3246
650 10 - SUBJECT ADDED ENTRY--TOPICAL TERM
Topical term or geographic name entry element Industrial art
9 (RLIN) 3247
650 10 - SUBJECT ADDED ENTRY--TOPICAL TERM
Topical term or geographic name entry element Design, Industrial
9 (RLIN) 3248
942 ## - ADDED ENTRY ELEMENTS (KOHA)
Institution code [OBSOLETE] SADA
Koha item type Book
Call number prefix 745.2 PIL 2009
Source of classification or shelving scheme
Holdings
Withdrawn status Lost status Source of classification or shelving scheme Damaged status Not for loan Permanent Location Current Location Date acquired Total Checkouts Total Renewals Full call number Barcode Date last seen Date last checked out Cost, replacement price Price effective from Koha item type
          School of Art Design and Architecture (SADA) School of Art Design and Architecture (SADA) 04/18/2011 7 2 745.2 PIL 2009 SADA0000940 08/08/2016 08/08/2016 2591.00 08/05/2011 Book
© 2023 Central Library, National University of Sciences and Technology. All Rights Reserved.